<?xml version="1.0" encoding="UTF-8"?>
<record
    xmlns:xsi="http://www.w3.org/2001/XMLSchema-instance"
    xsi:schemaLocation="http://www.loc.gov/MARC21/slim http://www.loc.gov/standards/marcxml/schema/MARC21slim.xsd"
    xmlns="http://www.loc.gov/MARC21/slim">

  <leader>01088njm a22002537a 4500</leader>
  <controlfield tag="005">2010090105355.0</controlfield>
  <controlfield tag="007">sd ammalaaahaa</controlfield>
  <controlfield tag="008">100901t        xxu||||| |||| 00| 0 hin d</controlfield>
  <datafield tag="028" ind1=" " ind2=" ">
    <subfield code="a">GE. 23921</subfield>
    <subfield code="b">Columbia</subfield>
  </datafield>
  <datafield tag="028" ind1=" " ind2=" ">
    <subfield code="a">CEI. 61446</subfield>
    <subfield code="b">Columbia</subfield>
  </datafield>
  <datafield tag="028" ind1=" " ind2=" ">
    <subfield code="a">CEI. 61447</subfield>
    <subfield code="b">Columbia</subfield>
  </datafield>
  <datafield tag="040" ind1=" " ind2=" ">
    <subfield code="a">SED/VEN</subfield>
  </datafield>
  <datafield tag="100" ind1=" " ind2=" ">
    <subfield code="a">Shipley, Van</subfield>
    <subfield code="9">17866</subfield>
  </datafield>
  <datafield tag="245" ind1=" " ind2=" ">
    <subfield code="a">Electric gitar tarj-mera dil yeh pukare Part 1 /</subfield>
    <subfield code="c">by Van Shipley</subfield>
    <subfield code="h">[sound recording] :</subfield>
  </datafield>
  <datafield tag="246" ind1=" " ind2=" ">
    <subfield code="a">&#x907;&#x932;&#x947;&#x915;&#x94D;&#x91F;&#x94D;&#x930;&#x93F;&#x915; &#x917;&#x93F;&#x91F;&#x93E;&#x930; &#x924;&#x930;&#x94D;&#x91C; -&#x92E;&#x947;&#x930;&#x93E; &#x926;&#x93F;&#x932; &#x92F;&#x939; &#x92A;&#x941;&#x915;&#x93E;&#x930;&#x947; &#x92A;&#x93E;&#x930;&#x94D;&#x91F; &#x967; </subfield>
  </datafield>
  <datafield tag="260" ind1=" " ind2=" ">
    <subfield code="a">Dum Dum, India</subfield>
    <subfield code="b">Columbia</subfield>
  </datafield>
  <datafield tag="300" ind1=" " ind2=" ">
    <subfield code="a">1 sound Disc :</subfield>
    <subfield code="b">analog, 33 1/3 rpm</subfield>
    <subfield code="c">10 in</subfield>
  </datafield>
  <datafield tag="500" ind1=" " ind2=" ">
    <subfield code="a">Brief record</subfield>
  </datafield>
  <datafield tag="505" ind1=" " ind2=" ">
    <subfield code="a">Electric gitar tarj-man dole tan dole (&#x907;&#x932;&#x947;&#x915;&#x94D;&#x91F;&#x94D;&#x930;&#x93F;&#x915; &#x917;&#x93F;&#x91F;&#x93E;&#x930; &#x924;&#x930;&#x94D;&#x91C; -&#x92E;&#x928; &#x921;&#x94B;&#x932;&#x947; &#x924;&#x928; &#x921;&#x94B;&#x932;&#x947; ) &#x92A;&#x93E;&#x930;&#x94D;&#x91F; &#x968; </subfield>
  </datafield>
  <datafield tag="650" ind1=" " ind2=" ">
    <subfield code="a">Classical music</subfield>
    <subfield code="x">Excerpts</subfield>
    <subfield code="z">India</subfield>
    <subfield code="9">17867</subfield>
  </datafield>
  <datafield tag="700" ind1=" " ind2=" ">
    <subfield code="a">Alladia Khan</subfield>
    <subfield code="9">17868</subfield>
  </datafield>
  <datafield tag="942" ind1=" " ind2=" ">
    <subfield code="2">ddc</subfield>
    <subfield code="c">GR</subfield>
  </datafield>
  <datafield tag="999" ind1=" " ind2=" ">
    <subfield code="c">43331</subfield>
    <subfield code="d">43331</subfield>
  </datafield>
  <datafield tag="952" ind1=" " ind2=" ">
    <subfield code="0">0</subfield>
    <subfield code="1">0</subfield>
    <subfield code="2">ddc</subfield>
    <subfield code="4">0</subfield>
    <subfield code="7">1</subfield>
    <subfield code="a">L</subfield>
    <subfield code="b">L</subfield>
    <subfield code="d">2010-09-01</subfield>
    <subfield code="e">SED/ VEN</subfield>
    <subfield code="l">0</subfield>
    <subfield code="p">GR-158</subfield>
    <subfield code="r">2010-09-01 00:00:00</subfield>
    <subfield code="t">1</subfield>
    <subfield code="w">2010-09-01</subfield>
    <subfield code="y">GR</subfield>
  </datafield>
</record>
